Devízy v cestovnom ruchu môžu získať najmä: Mestá, hory a kúpele.
Mestský a poznávací, horský a kúpeľný cestovný ruch - formy zodpovedajúce súčasným a predpokladaným vývojovým tendenciám medzinárodného cestovného ruchu. Situácia na Slovensku, podmienky a oblasti rozvoja (regiony), aby bol cestovný ruch prínosom pre hospodárstvo.
Uložené v:
| Médium: | Kapitola |
|---|---|
| Jazyk: | Slovak |
| Predmet: | |
| Tagy: |
Žiadne tagy, Buďte prvý, kto otaguje tento záznam!
|
MARC
| LEADER | 00000naa a2200000 4500 | ||
|---|---|---|---|
| 001 | r012612 | ||
| 005 | 20220826094928.1 | ||
| 041 | 0 | |a slo | |
| 044 | |a SK | ||
| 245 | 1 | 0 | |a Devízy v cestovnom ruchu môžu získať najmä: Mestá, hory a kúpele. |
| 520 | |a Mestský a poznávací, horský a kúpeľný cestovný ruch - formy zodpovedajúce súčasným a predpokladaným vývojovým tendenciám medzinárodného cestovného ruchu. Situácia na Slovensku, podmienky a oblasti rozvoja (regiony), aby bol cestovný ruch prínosom pre hospodárstvo. | ||
| 610 | 2 | 0 | |a ruch cestovný |
| 610 | 2 | 0 | |a Slovensko |
| 610 | 2 | 0 | |a regióny |
| 610 | 2 | 0 | |a príjmy |
| 610 | 2 | 0 | |a devízy |